|
|
|
|
| LEADER |
00000nam0a2200000 4500 |
| 001 |
149375 |
| 005 |
20231101221422.0 |
| 010 |
|
|
|a 9785238011479
|
| 035 |
|
|
|a (RuTPU)RU\TPU\book\161934
|
| 035 |
|
|
|a BOOK00029630
|
| 035 |
|
|
|a RU\TPU\book\29555
|
| 090 |
|
|
|a 149375
|
| 100 |
|
|
|a 20011209d2009 m y0rusy50 ca
|
| 101 |
0 |
|
|a rus
|
| 102 |
|
|
|a RU
|
| 105 |
|
|
|a y j 001zy
|
| 200 |
1 |
|
|a Социология
|e учебник для вузов
|f под ред. В. Н. Лавриненко
|
| 205 |
|
|
|a 3-е изд., доп. и перераб.
|
| 210 |
|
|
|a Москва
|c ЮНИТИ
|d 2009
|
| 215 |
|
|
|a 448 с.
|
| 320 |
|
|
|a Библиогр.: с. 437-442.
|
| 330 |
|
|
|a Новое издание известного учебника «Социология» подготовлено с учетом апробации двух предыдущих изданий (1-е, 2-е изд. — ЮНИТИ, 1998, 2000). Основная цель учебника — помочь изучающим курс социологии научно осмыслить сложные явления и процессы современной общественной жизни, чтобы сознательно ориентироваться в них, а также разобраться в существующих социологических теориях. Содержание и структура учебника дают представление о существующих уровнях социологического знания, которые отражают соответствующие уровни анализа социальных явлений. Для студентов вузов, учащихся колледжей, лицеев и школ, для всех, интересующихся проблемами развития и жизни общества.
|
| 606 |
1 |
|
|a Социология
|2 stltpush
|3 (RuTPU)RU\TPU\subj\67656
|9 83377
|
| 610 |
1 |
|
|a теория
|
| 610 |
1 |
|
|a история
|
| 610 |
1 |
|
|a социологические теории
|
| 610 |
1 |
|
|a общество
|
| 610 |
1 |
|
|a социальные структуры
|
| 610 |
1 |
|
|a социальная напряженность
|
| 610 |
1 |
|
|a этническая социология
|
| 610 |
1 |
|
|a политическая социология
|
| 610 |
1 |
|
|a культура
|
| 610 |
1 |
|
|a труд
|
| 610 |
1 |
|
|a семья
|
| 610 |
1 |
|
|a города
|
| 610 |
1 |
|
|a общественное мнение
|
| 610 |
1 |
|
|a свободное время
|
| 610 |
1 |
|
|a конфликты
|
| 610 |
1 |
|
|a социологические исследования
|
| 610 |
1 |
|
|a учебные пособия
|
| 686 |
|
|
|a С5я73
|v LBC/SL-A
|2 rubbk
|
| 702 |
|
1 |
|a Лавриненко
|b В. Н.
|g Владимир Николаевич
|
| 801 |
|
1 |
|a RU
|b 63413507
|c 20081216
|g PSBO
|
| 801 |
|
2 |
|a RU
|b 63413507
|c 20211015
|g PSBO
|
| 900 |
|
|
|a Социология
|
| 942 |
|
|
|c BK
|
| 952 |
|
|
|a 510000
|a 520000
|a 550000
|
| 955 |
|
|
|a 520000
|
| 959 |
|
|
|a 117/20081215
|d 2
|e 0
|f АНЛ:1
|f ЧЗГЛ:1
|